Charli XCX Albums - Statistics

General Stats
  • This quiz has been taken 82 times
    56 since last reset
  • The average score is 11 of 12
Answer Stats
Released Answer % Correct
2024 Brat and It's Completely Different but Also Still Brat
100%
2024 Brat
98%
2022 Crash
96%
2022 Crash (Deluxe)
96%
2019 Charli
92%
2020 how i'm feeling now
90%
2017 Pop 2
86%
2014 Sucker
86%
2013 True Romance
86%
2013 True Romance (Deluxe)
86%
2016 Vroom Vroom
84%
2017 Number 1 Angel
78%
No matching quizzes found
Score Distribution
Percent of People with Each Score
Percentile by Number Answered
Your Score History
You have not taken this quiz since the last reset